000 00633nam a22002291 4500
001 sa 68016784
003 DLC
005 20260227112657.0
008 710422s1967 ii a 00010 eng
010 _asa 68016784
025 _aPL480:I-E-9983
050 0 _aRC87
_b.G93 1967
082 _a616
100 1 0 _aGupta, Dharam Pal,
_d1919-
245 1 _aEmergencies in general practice,
_cby D. P. Gupta. With a foreword by D. N. Sharma.
250 _a2d ed.
260 0 _aMadras,
_bMediscope,
_c1967.
300 _a461 p.
_billus.
_c26 cm.
350 _aRs32.00
650 0 _aMedical emergencies.
650 0 _aMedicine
_xPractice.
999 _c87306
_d87306